| 000 | 00443nam a2200145 a 4500 | ||
|---|---|---|---|
| 001 | 000034110 | ||
| 005 | 20240307073950.0 | ||
| 008 | 110923s1967 dr r 000 0 spa d | ||
| 040 |
_aDO-SdBNP _bspa _cBNPHU |
||
| 082 |
_axxx _bR426 |
||
| 110 | 1 |
_aRepública Dominicana. _b Junta Central Electoral _964605 |
|
| 245 | 1 | 0 | _aHomenaje a los padres de la patria. |
| 260 |
_aSanto Domingo : _bJunta Central Electoral, _c1967. |
||
| 300 |
_a77 p. ; _c19 cm. |
||
| 999 |
_c33601 _d33601 |
||